Electricidad solar: estudio económico de la energía solar
Sparad:
| Huvudupphovsman: | |
|---|---|
| Materialtyp: | Bok |
| Språk: | spanska |
| Publicerad: |
Barcelona
Blume
1980
|
| Upplaga: | 2a. ed |
| Ämnen: | |
| Taggar: |
Lägg till en tagg
Inga taggar, Lägg till första taggen!
|
MARC
| LEADER | 00000nam a2200000 a 4500 | ||
|---|---|---|---|
| 001 | UCV6297 | ||
| 003 | CL-VaPUC | ||
| 008 | 910109e19800000SP |||||||||||||||||spa|d | ||
| 082 | 0 | 4 | |a 621.47 |b PAL |2 21 |
| 100 | |a Palz, Wolfgang |e autor |9 300518 | ||
| 245 | 1 | 0 | |a Electricidad solar: estudio económico de la energía solar |
| 250 | |a 2a. ed | ||
| 300 | |a 261 p | ||
| 942 | |c BK | ||
| 945 | |d 19910109 00:00:00 | ||
| 260 | |a Barcelona |b Blume |c 1980 | ||
| 650 | 7 | |a ENERGIA SOLAR |2 CL-VaPUC |9 300519 | |
| 583 | |a last modification |c 19910109 00:00:00 |k Rodrigo Vera | ||
| 999 | |c 212446 |d 212444 | ||
| 952 | |0 0 |1 0 |4 0 |6 621_470000000000000_PAL_1980 |7 0 |8 A |9 193434 |a BIBING |b BIBING |d 2019-11-14 |i 2612674 |l 1 |o 621.47 PAL 1980 |p 2612674 |r 2025-01-20 |s 2022-04-05 |w 2019-11-14 |y BK |k EIE | ||